Normal view
MARC view
- Hall, Timothy A
Entry Personal Name
001 - CONTROL NUMBER
- control field: 105101
003 - CONTROL NUMBER IDENTIFIER
- control field: NUST
005 - DATE AND TIME OF LATEST TRANSACTION
- control field: 20221216151615.0
008 - FIXED-LENGTH DATA ELEMENTS
- fixed length control field: 221216|| aca||aabn | a|a d
040 ## - CATALOGING SOURCE
- Original cataloging agency: NUST
- Transcribing agency: NUST
100 ## - HEADING--PERSONAL NAME
- Personal name: Hall, Timothy A
670 ## - SOURCE DATA FOUND
- Source citation: Work cat.: (NUST)184317: Energy and the way we live :, c1980.
